Statistics for Official Languages By Countries: Middle East

Click here to take the quiz!

General Stats

  • This quiz has been taken 36 times
  • The average score is 17 of 22

Answer Stats

HintAnswer% Correct
ArmeniaArmenian
90%
KazakhstanKazakh, Russian
90%
TajikistanTajik, Russian
90%
Bahrain, Egypt, Yemen, Oman, UAE, Saudi Arabia, Syria, Lebanon, Jordan, Kuwait, Qatar, Libya, Tunisia, MauritaniaArabic
87%
GeorgiaGeorgian
87%
TurkeyTurkish
87%
AzerbaijanAzerbaijani
83%
ComorosComorian, French, Arabic
83%
IsraelHebrew
83%
SomaliaSomali, Arabic
83%
TurkmenistanTurkmen
83%
UzbekistanUzbek
83%
KyrgyzstanKyrgyz, Russian
80%
PakistanUrdu, English
80%
CyprusGreek, Turkish
77%
AfghanistanPashto, Persian
73%
IranPersian
73%
Morocco, AlgeriaArabic, Berber
70%
DjiboutiArabic, French
60%
IraqArabic, Kurdish
57%
MaldivesDhivehi
53%
SudanArabic, English
47%

Score Distribution

Percentile by Number Answered

Percent of People with Each Score

Your Score History

You have not taken this quiz